Classifica Marcatori Catanzaro All-Time - Statistics

Statistiche generali
  • Questo quiz è stato fatto 11 volte
  • Il punteggio medio è 4 su 11
Statistiche sulle risposte
Gol Nazione Calciatore % Corretto
117 Italia Massimo Palanca
90%
49 Italia Pietro Iemmello
90%
47 Italia Giorgio Corona
70%
34 Italia Tommaso Biasci Tommaso Biasci
60%
34 Italia Alberto Spelta
20%
34 Italia Edi Bivi
20%
37 Italia Gianni Bui
20%
32 Italia Paolo Mollica
20%
27 Italia Simone Masini
20%
36 Italia Egidio Ghersetich
10%
27 Italia Giordano Fioretti
10%
Nessun quiz corrispondente trovato
Distribuzione punteggi
Percentuale di utenti per punteggio
Percentile per numero di risposta
I tuoi punteggi nel tempo
Non hai fatto questo quiz